[Event "NED-ch U11 Girls"]
[Site "Waalwijk"]
[Date "2011.04.23"]
[Round "9"]
[White "Kariman, Fatiha"]
[Black "Manoch, Alicia"]
[Result "0-1"]
[WhiteElo "325"]
[BlackElo "866"]
[PlyCount "50"]
[EventDate "2011.04.22"]
[EventType "swiss"]
[EventRounds "9"]
[EventCountry "NED"]
[SourceTitle "EXT 2012"]
[Source "ChessBase"]
[SourceDate "2011.11.24"]
[SourceVersion "1"]
[SourceVersionDate "2011.11.24"]
[SourceQuality "1"]

1. e4 e5 2. Nf3 Nc6 3. Nc3 Nf6 4. Bc4 Bc5 5. 0-0 0-0 6. d3 h6 7. h3 d6 8. Na4 Bb6 9. Be3 Bd7 10. d4 exd4 11. Bxd4 Nxd4 12. Nxd4 Bxa4 13. b3 Bd7 14. a4 Nxe4 15. f3 Nf6 16. b4 c5 17. bxc5 dxc5 18. Nb3 Qe7 19. Re1 Qd8 20. c3 Qc7 21. Bd3 Qg3 22. Kf1 Bc6 23. Nd2 c4 24. Qe2 cxd3 25. Qxd3 Qf2# 0-1

[Event "NED-ch U11 Girls"]
[Site "Waalwijk"]
[Date "2011.04.23"]
[Round "8"]
[White "Van Harten, Eva"]
[Black "Kariman, Fatiha"]
[Result "1-0"]
[WhiteElo "694"]
[BlackElo "325"]
[PlyCount "75"]
[EventDate "2011.04.22"]
[EventType "swiss"]
[EventRounds "9"]
[EventCountry "NED"]
[SourceTitle "EXT 2012"]
[Source "ChessBase"]
[SourceDate "2011.11.24"]
[SourceVersion "1"]
[SourceVersionDate "2011.11.24"]
[SourceQuality "1"]

1. e4 e5 2. Nf3 Nc6 3. Bc4 Nf6 4. Ng5 d5 5. exd5 Na5 6. Bb3 Bg4 7. Nf3 Bc5 8. Qe2 0-0 9. 0-0 c6 10. Qxe5 Re8 11. Qf4 Bd6 12. Qd4 c5 13. Qd3 b5 14. Qxb5 Bc7 15. Nc3 a6 16. Qa4 Bd7 17. Qh4 Re7 18. d3 Qe8 19. Bg5 h6 20. Bxf6 gxf6 21. Qxf6 Be5 22. Qxh6 c4 23. dxc4 Rc8 24. Qxa6 Qd8 25. Ng5 f6 26. Nf3 Bf5 27. Nxe5 fxe5 28. d6 Re6 29. Ba4 e4 30. Nd5 Nxc4 31. b3 Nd2 32. Rfd1 Rxc2 33. Qe2 Qa5 34. Ne3 Rc3 35. Qxd2 Rxd6 36. Qxd6 Bh7 37. Qe7 Rc7 38. Rd8# 1-0